| 000 | 00847nam a2200241 i 4500 | ||
|---|---|---|---|
| 003 | DO-SdBNP | ||
| 005 | 20230720153739.0 | ||
| 007 | ta | ||
| 008 | 230720b2022 dr d|||| |||| 00| 0 spa d | ||
| 040 |
_aDO-SdBNP _bspa _cBNPHU _erda |
||
| 082 | 4 | _222 | |
| 245 | 0 | 0 |
_aSistematización de la función de rectoría de FEDOMU en el presupuesto participativo municipal / _cconsultor Felipe Montesanto |
| 264 |
_aSanto Domingo : _bFEDOMU, _c2022. |
||
| 300 |
_a81 páginas ; _c28 cm. |
||
| 336 |
_2rdacontent _atexto _btxt |
||
| 337 |
_2rdamedia _asin mediación _bn |
||
| 338 |
_2rdacarrier _avolumen _bnc |
||
| 500 | _aFortaleciendo capacidades para la gobernanza local y servicios de calidad, inclusivos y sostenibles | ||
| 590 | _aInventariado, 2023/BT | ||
| 700 |
_aMontesanto, Felipe, _econsultor _943937 |
||
| 910 | _aBtavárez | ||
| 942 |
_2ddc _cLBS1 |
||
| 999 |
_c54227 _d54227 |
||